Factors of soil formation ; a system of quantitative pedology /

Bibliographic Details
Main Author: Jenny, Hans, 1899-1992
Format: Book
Language:English
Published: New York, London : McGraw-Hill, 1941.
Edition:1st ed.
Series:McGraw-Hill publications in the agricultural sciences.
Subjects:

MARC

Tag First Indicator Second Indicator Subfields
LEADER 00000cam a2200000 4500
001 in00000040639
005 20151007074533.0
008 740531s1941 nyua b 00010 eng u
010 |a  41014446  
035 |a (OCoLC)00905466 
035 |9 AAF1674AM 
040 |c MSC  |d TXA  |d UtOrBLW 
049 |a TXAM  |c 1 [108312]  |c 2 [108659] 
050 0 0 |a S591  |b .J4 
082 0 |a 631.4 
092 |a 631.4  |b J54f 
100 1 |a Jenny, Hans,  |d 1899-1992. 
245 1 0 |a Factors of soil formation ;  |b a system of quantitative pedology /  |c by Hans Jenny... 
250 |a 1st ed. 
264 1 |a New York,  |a London :  |b McGraw-Hill,  |c 1941. 
300 |a xii, 281 pages including illustrations, tables, diagrams ;  |c 24 cm. 
336 |a text  |b txt  |2 rdacontent 
337 |a unmediated  |b n  |2 rdamedia 
338 |a volume  |b nc  |2 rdacarrier 
490 1 |a McGraw-Hill publications in the agricultural sciences 
504 |a "Literature cited" at end of each chapter except the last. 
650 0 |a Soils. 
740 0 |a Quantitative pedology. 
830 0 |a McGraw-Hill publications in the agricultural sciences. 
999 |a MARS 
999 f f |s d35f51e1-10a1-385d-8791-8fe33136f0c3  |i d0cc2d32-3e8c-30c9-9630-e200b779c178  |t 0 
952 f f |p ric  |a Texas A&M University  |b Rellis Campus  |c Joint Library Facility  |d Remote Storage  |t 0  |e S591 .J4  |h Library of Congress classification  |i unmediated -- volume  |m A14801064177 
998 f f |a S591 .J4  |t 0  |l Remote Storage